Testo della Canzone - Fenomeno, Fabri Fibra - Statistics

Statistiche generali
  • Questo quiz è stato fatto 192 volte
  • Il punteggio medio è 209 su 381
Statistiche sulle risposte
Testo % Corretto
fenomeno
98%
I
98%
i
98%
a
96%
è
96%
e
96%
E
96%
tu
93%
no
92%
un
92%
Ma
91%
se
91%
di
90%
il
88%
Il
88%
Voglio
87%
Si
86%
86%
po'
85%
fare
81%
in
81%
In
81%
La
81%
Tutti
81%
anche
76%
questo
76%
da
75%
vogliono
75%
le
71%
Senza
71%
più
68%
che
65%
Che
65%
come
65%
mi
65%
Mi
65%
ti
65%
Al
64%
al
64%
Cadi
64%
domino
63%
poi
63%
comodo
62%
Fallo
62%
non
62%
Qui
62%
diventi
60%
fammi
60%
terra
60%
diventa
58%
Fraté
58%
Sul
58%
autonomo
57%
nessuno
57%
aiuto
56%
fan
56%
Per
56%
Lo
55%
Signore
55%
musica
54%
sputo
54%
sulla
54%
guadagna
53%
telecamera
53%
fanno
52%
figli
51%
mondo
51%
sa
51%
scarpe
51%
Azione
49%
oggi
48%
con
47%
eccome
47%
d'arte
46%
Borghese
45%
rap
45%
senz'anima
45%
ladri
44%
MasterChef
42%
rapper
42%
chef
41%
una
41%
alle
40%
chiamatemi
38%
l'Italia
38%
Alessandro
37%
mare
35%
offese
35%
vedervi
34%
Canna-vacciuolo
33%
mia
33%
studio
32%
sudare
32%
bisce
31%
casa
30%
dallo
30%
Esco
30%
ballare
29%
covo
29%
fumo
29%
sono
29%
caffè
27%
mortale
27%
Doppio
26%
salto
26%
cristiano
25%
espresso
25%
Animali
24%
Malgioglio
23%
cena
22%
Dopo
22%
Gli
22%
Carte
21%
colazione
21%
Guarda
21%
Marlboro
21%
'sta
21%
va
21%
d'Or
20%
Harlem
20%
muovi
20%
sera
20%
bravo
19%
prego
19%
oro
18%
mangio
16%
Shake
16%
carta
15%
perché
15%
Perché
15%
giusto
14%
momento
14%
queste
13%
collo
12%
moda
12%
Pago
12%
viene
12%
affamato
11%
bulldog
11%
Burlon
11%
Marcelo
11%
microfono
11%
serpenti
11%
tutto
11%
modelle
10%
parlare
10%
quello
10%
fuori
9%
Sentivo
9%
stavo
9%
così
8%
Così
8%
fosse
8%
manco
8%
quando
8%
roba
8%
fatti
7%
fisico
7%
manda
7%
sballando
7%
stelle
7%
Dicevano
5%
parole
5%
serve
5%
sotto
5%
Woodstock
5%
amatoriale
4%
contano
4%
dei
4%
porno
4%
selfie
4%
attori
3%
facciamo
3%
incubo
3%
l'uomo
3%
sesso
3%
spende
3%
cucina
2%
puttane
2%
resto
2%
soli
2%
vai
2%
veri
2%
andato
1%
Anzi
1%
arrivato
1%
cambiato
1%
esplicito
1%
figlio
1%
fino
1%
pericolo
1%
testi
1%
Vivere
1%
beat
0%
guardi
0%
Mangiavo
0%
Parlano
0%
tardi
0%
volte
0%
Nessun quiz corrispondente trovato
Distribuzione punteggi
Percentuale di utenti per punteggio
Percentile per numero di risposta
I tuoi punteggi nel tempo
Non hai fatto questo quiz